000 00470nam a2200157 i 4500
001 74180
003 ES-MaACL
005 20230906172037.0
007 t|
008 040916s1973 sp ||||1| spa d
100 1 _aGonzález-Doria, Fernando.
_958605
245 1 0 _aDe profundis
_b: (poemas en prosa) /
_cFernando González-Doria.
260 _a[Madrid :
_bs.n.,
_c1973] (
_fGráf. Clemares)
300 _a147 p. :
_bil. ;
_c21 cm.
852 _aES-MaACL
_jC-54023
_bR.87051
999 _c74180
_d74180